01704nam a2200469 i 450000100060000000300090000600500170001500800390003201500190007102000150009003500230010503500360012803500140016403500210017803500230019903500440022204000280026604600090029408000130030308000120031624501120032826000710044030000280051133600270053933700540056633800280062038000160064838000270066438500390069138800100073049000630074050400280080365000250083165000120085665000420086865500310091065800340094170000350097571000680101083000580107885600980113651828KOSZ 00520210602150444.0060508s2006 pl a f f |000 0 pol aUWD 2006/10509 a8373782028 a991030264109705066 a(PL-WaBN)b18160761-48omnis_nlop ab18160761 a(OCoLC)749671248 a(PL)b0000001816076 a(EXLNZ-48OMNIS_NETWORK)9910433124205606 aWA NcWA NdKOSZ 005/HR k2006 a332.6/.7 a(075.8)00aWybrane aspekty finansowania i organizacji rynku nieruchomości :bpraca zbiorowa /cpod red. Marka Bryxa. aWarszawa :bSzkoła Główna Handlowa. Oficyna Wydawnicza,c2006. a172 s. :bil. ;c24 cm. aTekstbtxt2rdacontent aBez urządzenia pośredniczącegobn2rdamedia aWoluminbnc2rdacarrier aKsiążki aPublikacje dydaktyczne mPoziom nauczaniaaSzkoły wyższe a2001-1 aMateriały do Studiowania Rynku Nieruchomości ;vz. nr 1 aBibliogr. przy pracach. 7aNieruchomości2DBN 7aFinanse 7aZarządzanie nieruchomościami2DBN 7aMateriały pomocnicze2DBN aGospodarka, ekonomia, finanse1 aBryx Marekd(1953- )eRedakcja2 aOficyna Wydawnicza (Szkoła Główna Handlowa ; Warszawa)4pbl 0aMateriały do Studiowania Rynku Nieruchomościvz. 1 uhttp://koha.tu.koszalin.pl/cgi-bin/koha/opac-detail.pl?biblionumber=51828yKatalog online BPK